Colombia y la diplomacia secreta gestiones para implantar la monarquía (Registro nro. 56176)

Detalles MARC
000 -ENCABEZADO
Número de control [NR] 01166nam a2200277Ia 4500
008 - DE LONGITUD FIJA DE DATOS DE ELEMENTOS - INFORMACIÓN GENERAL
Elementos de longitud fija [NR] 130821s2005 ck gr spa
020 ## - NUMERO INTERNACIONAL NORMALIZADO PARA LIBROS [R]
Número Internacional Normalizado del libro [NR] 9589026779
040 ## - FUENTE DE CATALOGACION [NR]
Agencia de catalogación original [NR] Co-BoUCM
Idioma de catalogación [NR] spa
041 00 - CODIGO DE IDIOMA [R]
Código de idioma para texto/pista de sonido o título separado [R] Español
100 1# - ASIENTO PRINCIPAL--NOMBRE PERSONAL [NR]
Nombre personal [NR] Uribe Vargas, Diego
Fechas asociadas con el nombre [NR] 1931-
ID Autoridad 30351
245 10 - MENCION DE TITULO [NR]
Título [NR] Colombia y la diplomacia secreta gestiones para implantar la monarquía
Mención de responsabilidad, etc. [NR] Diego Uribe Vargas ;presentación de Jaime Pinzón López
250 ## - MENCION DE EDICION [NR]
Mención de edición [NR] 2a. ed.
260 ## - PUBLICACION, DISTRIBUCION, ETC. (PIE DE IMPRENTA) [R]
Lugar de publicación, distribución, etc. [R] Bogotá (Colombia)
Nombre del editor, distribuidor, etc. [R] Universidad de Bogotá Jorge Tadeo lozano
Fecha de publicación, distribución, etc. [R] 2005
300 ## - DESCRIPCION FISICA [R]
Extensión [R] 233 páginas
504 ## - NOTA DE BIBLIOGRAFIA, ETC. [R]
Nota de bibliografía, etc. [NR]
650 04 - ASIENTO SECUNDARIO DE MATERIA - TERMINO TEMATICO [R]
Término temático o nombre geográfico como elemento de entrada [NR] Diplomacia
Subdivisión general [R] Historia
Subdivisión geográfica [R] Colombia
Subdivisión cronológica [R] Siglo XIX
9 (RLIN) 13310
650 04 - ASIENTO SECUNDARIO DE MATERIA - TERMINO TEMATICO [R]
Término temático o nombre geográfico como elemento de entrada [NR] Relaciones internacionales
9 (RLIN) 8042
650 04 - ASIENTO SECUNDARIO DE MATERIA - TERMINO TEMATICO [R]
Término temático o nombre geográfico como elemento de entrada [NR] Tratados
Subdivisión general [R] Historia
Subdivisión geográfica [R] Colombia
Subdivisión cronológica [R] Siglo XIX
9 (RLIN) 25816
651 ## - ASIENTO SECUNDARIO DE MATERIA - NOMBRE GEOGRAFICO [R]
Nombre geográfico [NR] Colombia
Geographic name following place entry element [OBSOLETE] Relaciones internacionales
Subdivisión general [R] Historia
Subdivisión cronológica [R] Siglo XIX
9 (RLIN) 26901
651 ## - ASIENTO SECUNDARIO DE MATERIA - NOMBRE GEOGRAFICO [R]
Nombre geográfico [NR] Colombia
Subdivisión general [R] Política y gobierno
-- Historia
Subdivisión cronológica [R] Siglo XIX
9 (RLIN) 102907
700 1# - ASIENTO SECUNDARIO - NOMBRE PERSONAL [R]
Nombre personal [NR] Pinzón López, Jaime
9 (RLIN) 96686
710 ## - ASIENTO SECUNDARIO - NOMBRE CORPORATIVO [R]
Nombre corporativo o de jurisdicción como elemento de entrada [NR] Academia Colombiana de Historia
9 (RLIN) 3835
710 ## - ASIENTO SECUNDARIO - NOMBRE CORPORATIVO [R]
Nombre corporativo o de jurisdicción como elemento de entrada [NR] Fundación Universidad de Bogotá Jorge Tadeo Lozano
9 (RLIN) 4275
942 ## - ELEMENTOS DE ENTRADA AGREGADOS (KOHA)
Tipo de ítem principal el descrito en 300a Libro
Tema principal Ciencia política
Edición 2
Parte restante de la signatura top. U762c
Sistema de clasificación DEWEY
Clasificación 327.861
Existencias
Fecha de último préstamo Total préstamos Total Renewals Signatura topográfica Código de barras Última vez visto Volúmen / Fascículo Ejemplar Price effective from Tipo de ítem Perdido Sistema de clasificación Dañado No prestable Tipo de ítem específico Suprimido Ubicación habitual Ubicación actual Localización Fecha de creación Forma de adquisición Costo
30/09/2019 4 1 327.861 U762c 100091874 06/06/2024 2a. Ed. Ej.1 03/02/2013 Libro   DEWEY     Libro   Bodega Bodega 3er piso 28/02/2013 Donación 26000.00